| 000 | 00968 a2200217 4500 | ||
|---|---|---|---|
| 003 | Nust | ||
| 005 | 20220726105127.0 | ||
| 010 | _a 93001156 | ||
| 020 | _a0130891290 | ||
| 040 | _cNust | ||
| 082 | 0 | 0 | _a004.165,SIB |
| 100 | 1 |
_aSibigtroth, James M. _936647 |
|
| 245 | 1 | 0 |
_aUnderstanding small microcontrollers / _cJames M. Sibigtroth. |
| 260 |
_aEnglewood Cliffs, N.J. : _bPTR Prentice Hall, _cc1993. |
||
| 300 |
_a1 v. (various pagings) : _bill. ; _c23 cm. |
||
| 440 | 0 |
_aMotorola series in solid-state electronics _995143 |
|
| 505 | _aWhat is a Microcontroller? (Page-1-1), Computers and Codes (Page-2-1), Basic Logic Elements (Page-3-1), Computers Memory and Parallel I/O (Page-4-1), Computer Architecture (Page-5-1), M68HC05 Instruction Set (Page-6-1), Programming (Page-7-1),The Paced Loops (Page-8-1), On Chip Peripheral systems (Page-9-1). | ||
| 650 | 0 |
_aMicrocontrollers. _918076 |
|
| 650 | 0 | _aProgrammable controllers. | |
| 942 |
_2ddc _cBK _k004.165,SIB |
||
| 999 |
_c176237 _d176237 |
||